000 00330nam a22001337a 4500
008 171009b xxu||||| |||| 00| 0 eng d
020 _a9780130873668
041 _aeng
080 _23RD
_a159.9
100 _a49
101 _aPSI
245 _aCLASSIC AND CONTEMPORARY READINGS IN SOCIAL PSYCHOLOGY
_cCOATS,E.J
942 _2udc
_cBK
999 _c32515
_d32515